[Event "Presolana op 35th"]
[Site "Presolana"]
[Date "2015.08.28"]
[Round "6"]
[White "Marchini, Daniele"]
[Black "Pirrello, Christian"]
[Result "1-0"]
[WhiteElo "1885"]
[BlackElo "1917"]
[PlyCount "63"]
[EventDate "2015.08.23"]
[EventType "swiss"]
[EventRounds "8"]
[EventCountry "ITA"]
[SourceTitle "EXT 2024"]
[Source "ChessBase"]
[SourceDate "2023.10.10"]
[SourceVersion "1"]
[SourceVersionDate "2023.10.10"]
[SourceQuality "1"]

1. d4 d6 2. g3 e5 3. dxe5 dxe5 4. Qxd8+ Kxd8 5. Bg2 c6 6. Nc3 Be6 7. f4 Bd6 8. Nf3 f6 9. Ne4 Bb4+ 10. c3 Bd5 11. Nxe5 Ba5 12. b4 Bb6 13. c4 Bxe4 14. Bxe4 fxe5 15. fxe5 Bd4 16. Bg5+ Kc7 17. 0-0-0 Bxe5 18. Bd8+ Kc8 19. Bf5+ Nd7 20. Rxd7 Kb8 21. b5 cxb5 22. cxb5 Nf6 23. Bxf6 Bxf6 24. Rhd1 Re8 25. Bg4 a5 26. Bf3 Rc8+ 27. Kb1 Rc7 28. b6 Rxd7 29. Rxd7 Kc8 30. Bg4 Ra6 31. Rxg7+ Kd8 32. Rxb7 1-0

[Event "Milan Repubblica op"]
[Site "Milan"]
[Date "2012.06.01"]
[Round "2"]
[White "Marchini, Daniele"]
[Black "Coppola, Federico"]
[Result "1/2-1/2"]
[WhiteElo "1846"]
[BlackElo "1853"]
[PlyCount "59"]
[EventDate "2012.05.31"]
[EventType "swiss"]
[EventRounds "6"]
[EventCountry "ITA"]
[SourceTitle "EXT 2015"]
[Source "ChessBase"]
[SourceDate "2014.11.20"]
[SourceVersion "1"]
[SourceVersionDate "2014.11.20"]
[SourceQuality "1"]

1. d4 Nf6 2. c4 c5 3. d5 e6 4. Nc3 exd5 5. cxd5 d6 6. e4 g6 7. f4 Bg7 8. Nf3 0-0 9. Be2 Re8 10. e5 dxe5 11. fxe5 Ng4 12. e6 fxe6 13. d6 Nd7 14. 0-0 Nde5 15. Ne4 Nxf3+ 16. Bxf3 Bd4+ 17. Kh1 Nxh2 18. Bg5 Nxf1 19. Bxd8 Ne3 20. Qe1 Rxd8 21. Qh4 Rd7 22. Nf6+ Bxf6 23. Qxf6 Rxd6 24. Qf4 Nf5 25. g4 Rd4 26. Qc7 Nh4 27. Rf1 Nxf3 28. Rxf3 Bd7 29. Kh2 e5 30. Qxb7 1/2-1/2

[Event "Milan Repubblica op"]
[Site "Milan"]
[Date "2012.05.31"]
[Round "1"]
[White "Pelizzola, Danilo"]
[Black "Marchini, Daniele"]
[Result "1-0"]
[WhiteElo "2005"]
[BlackElo "1846"]
[PlyCount "89"]
[EventDate "2012.05.31"]
[EventType "swiss"]
[EventRounds "6"]
[EventCountry "ITA"]
[SourceTitle "EXT 2015"]
[Source "ChessBase"]
[SourceDate "2014.11.20"]
[SourceVersion "1"]
[SourceVersionDate "2014.11.20"]
[SourceQuality "1"]

1. e4 c5 2. Nf3 d6 3. Bb5+ Bd7 4. Bxd7+ Qxd7 5. 0-0 Nc6 6. Nc3 g6 7. b3 Bg7 8. Bb2 e6 9. Re1 Nge7 10. Na4 Bxb2 11. Nxb2 0-0 12. d4 cxd4 13. Nxd4 Rfd8 14. c4 Rac8 15. Rc1 d5 16. exd5 exd5 17. c5 Nxd4 18. Qxd4 Nf5 19. Qf4 Ng7 20. Nd3 Ne6 21. Qf6 Qb5 22. Ne5 Qe8 23. Nxf7 Qxf7 24. Qxe6 Qxe6 25. Rxe6 b6 26. b4 d4 27. Re2 bxc5 28. bxc5 Rd5 29. c6 Rc7 30. Kf1 d3 31. Rd2 Kf7 32. Rc3 Ke6 33. Ke1 Kd6 34. Rdxd3 Rxd3 35. Rxd3+ Kc5 36. Rd7 Kxc6 37. Rxc7+ Kxc7 38. Kd2 Kb6 39. f4 Kb5 40. Kd3 Kc5 41. g4 Kd5 42. Ke3 a5 43. a4 h5 44. h3 h4 45. Kd3 1-0

[Event "Milan Palladino Memorial"]
[Site "Milan"]
[Date "2012.04.07"]
[Round "3"]
[White "Marchini, Daniele"]
[Black "Di Chiara, Mauro"]
[Result "0-1"]
[WhiteElo "1845"]
[BlackElo "1977"]
[PlyCount "96"]
[EventDate "2012.04.05"]
[EventType "swiss"]
[EventRounds "6"]
[EventCountry "ITA"]
[SourceTitle "EXT 2013"]
[Source "ChessBase"]
[SourceDate "2012.11.22"]
[SourceVersion "1"]
[SourceVersionDate "2012.11.22"]
[SourceQuality "1"]

1. d4 d6 2. c4 Nf6 3. Nc3 g6 4. e4 Bg7 5. Nf3 0-0 6. Be2 e5 7. Be3 exd4 8. Nxd4 Re8 9. f3 c6 10. Qd2 d5 11. exd5 cxd5 12. 0-0 Nc6 13. Rad1 Nxd4 14. Bxd4 Be6 15. cxd5 Nxd5 16. Bxg7 Kxg7 17. Bb5 Qb6+ 18. Rf2 Red8 19. Nxd5 Rxd5 20. Qc3+ Kg8 21. Rxd5 Bxd5 22. a4 Be6 23. g3 Rc8 24. Qd2 Bb3 25. Kg2 a6 26. Qd3 Be6 27. Bxa6 bxa6 28. Rd2 Qc6 29. Qa3 Qc1 30. Qd6 Bb3 31. a5 Qxd2+ 32. Qxd2 Rc2 33. Qxc2 Bxc2 34. b4 Bd3 35. Kf2 f5 36. Ke3 Bb5 37. Kf4 Kf7 38. Kg5 Kg7 39. h4 h6+ 40. Kf4 Kf6 41. g4 g5+ 42. hxg5+ hxg5+ 43. Ke3 f4+ 44. Kd4 Bc6 45. b5 axb5 46. a6 Bxf3 47. Kd3 Bxg4 48. Ke4 Bc8 0-1

[Event "Milan Crespi op-B 32nd"]
[Site "Milan"]
[Date "2011.12.11"]
[Round "7"]
[White "Marchini, Daniele"]
[Black "Motola, Jacopo"]
[Result "1/2-1/2"]
[WhiteElo "1813"]
[BlackElo "1903"]
[PlyCount "172"]
[EventDate "2011.12.07"]
[EventType "swiss"]
[EventRounds "7"]
[EventCountry "ITA"]
[SourceTitle "EXT 2022"]
[Source "ChessBase"]
[SourceDate "2021.10.06"]
[SourceVersion "1"]
[SourceVersionDate "2021.10.06"]
[SourceQuality "1"]

1. d4 d5 2. c4 dxc4 3. Nf3 a6 4. a4 Nc6 5. e3 Na5 6. Nbd2 Be6 7. Qc2 Nf6 8. Ng5 Bg4 9. Nxc4 Nxc4 10. Bxc4 e6 11. Bd2 Be7 12. 0-0 Nd5 13. Ne4 Bf5 14. Bd3 0-0 15. Ng3 Bxd3 16. Qxd3 Nf6 17. b4 Qd7 18. Ne4 Nxe4 19. Qxe4 Qd5 20. Qxd5 exd5 21. b5 f5 22. g3 g5 23. Rfc1 Bd6 24. Rab1 axb5 25. Rxb5 Rxa4 26. Rxb7 h5 27. Rb5 Rc4 28. Rxd5 Rxc1+ 29. Bxc1 Rb8 30. Kg2 Rf8 31. e4 Kg7 32. e5 Bb4 33. Bxg5 Kg6 34. Be3 c6 35. Rd7 Re8 36. f4 Ra8 37. Rc7 Ra6 38. Rc8 Kf7 39. Kh3 Be7 40. Rc7 Ke6 41. Bd2 Rb6 42. Be3 Ra6 43. Rc8 Kf7 44. Rb8 Ra3 45. Bf2 Ra2 46. Kg2 h4 47. Rh8 Kg7 48. Rc8 h3+ 49. Kf3 Ra3+ 50. Be3 Bb4 51. Rc7+ Kg8 52. Rxc6 Bd2 53. Rh6 Bxe3 54. Rxh3 Bxd4+ 55. Ke2 Bg1 56. Kf1 Ra1+ 57. Kg2 Bd4 58. Rh5 Ra2+ 59. Kf1 Rf2+ 60. Ke1 Rg2 61. Rxf5 Rxh2 62. e6 Rh6 63. Rg5+ Kf8 64. f5 Be3 65. Rg4 Rf6 66. Re4 Bc5 67. g4 Ke7 68. Ke2 Ba3 69. Kf3 Bc1 70. Rc4 Bg5 71. Rc7+ Kf8 72. Ke4 Rh6 73. Ke5 Ke8 74. Rc8+ Ke7 75. Rg8 Bf6+ 76. Kd5 Rh1 77. g5 Rd1+ 78. Ke4 Re1+ 79. Kd3 Be5 80. Ra8 Rf1 81. Ra7+ Ke8 82. Ke4 Bb8 83. Rb7 Rf4+ 84. Ke3 Rxf5 85. Rxb8+ Ke7 86. g6 Rg5 1/2-1/2

[Event "Milan Crespi op-B 32nd"]
[Site "Milan"]
[Date "2011.12.11"]
[Round "6"]
[White "Marchini, Daniele"]
[Black "Sala, Giovanni"]
[Result "0-1"]
[WhiteElo "1813"]
[BlackElo "1985"]
[PlyCount "60"]
[EventDate "2011.12.07"]
[EventType "swiss"]
[EventRounds "7"]
[EventCountry "ITA"]
[SourceTitle "EXT 2022"]
[Source "ChessBase"]
[SourceDate "2021.10.06"]
[SourceVersion "1"]
[SourceVersionDate "2021.10.06"]
[SourceQuality "1"]

1. d4 f5 2. g3 Nf6 3. Bg2 e6 4. c4 c6 5. Nf3 d5 6. b3 Bd6 7. 0-0 Qe7 8. Nc3 0-0 9. Bb2 Bd7 10. e3 Be8 11. Ne2 Nbd7 12. cxd5 exd5 13. Nf4 Ne4 14. Nd3 Bh5 15. Qc1 Bxf3 16. Bxf3 g5 17. Bg2 f4 18. exf4 gxf4 19. Bxe4 Qxe4 20. Nc5 Qf5 21. Nxd7 Qxd7 22. Ba3 Bxa3 23. Qxa3 f3 24. Kh1 Rae8 25. Rae1 Qh3 26. Qxf8+ Kxf8 27. Rxe8+ Kxe8 28. Rg1 Kd7 29. b4 h5 30. a3 b6 0-1

[Event "Milan Crespi op-B 32nd"]
[Site "Milan"]
[Date "2011.12.10"]
[Round "5"]
[White "Marinc, Damir"]
[Black "Marchini, Daniele"]
[Result "1-0"]
[WhiteElo "2003"]
[BlackElo "1813"]
[PlyCount "59"]
[EventDate "2011.12.07"]
[EventType "swiss"]
[EventRounds "7"]
[EventCountry "ITA"]
[SourceTitle "EXT 2022"]
[Source "ChessBase"]
[SourceDate "2021.10.06"]
[SourceVersion "1"]
[SourceVersionDate "2021.10.06"]
[SourceQuality "1"]

1. d4 Nf6 2. Nf3 d5 3. Bg5 Ne4 4. Bf4 c5 5. dxc5 Nc6 6. Nbd2 Nxc5 7. e3 Bf5 8. Nb3 Nxb3 9. axb3 Qb6 10. c3 e6 11. Be2 g6 12. b4 Bg7 13. Nd4 0-0 14. Bg5 Nxd4 15. exd4 f6 16. Be3 g5 17. 0-0 a5 18. Ra4 Qd8 19. Qb3 b6 20. Rfa1 Rb8 21. bxa5 bxa5 22. Qa2 Qb6 23. Bc1 Bc2 24. Rxa5 Bb3 25. Qa3 e5 26. Rb5 Qxb5 27. Bxb5 Rxb5 28. Qe7 Bc2 29. Ra7 Bh8 30. Qe6+ 1-0

[Event "Milan Crespi op-B 32nd"]
[Site "Milan"]
[Date "2011.12.09"]
[Round "4"]
[White "Marchini, Daniele"]
[Black "Rechi Montes, Xavier"]
[Result "1-0"]
[WhiteElo "1813"]
[BlackElo "1900"]
[PlyCount "75"]
[EventDate "2011.12.07"]
[EventType "swiss"]
[EventRounds "7"]
[EventCountry "ITA"]
[SourceTitle "EXT 2022"]
[Source "ChessBase"]
[SourceDate "2021.10.06"]
[SourceVersion "1"]
[SourceVersionDate "2021.10.06"]
[SourceQuality "1"]

1. d4 Nf6 2. c4 g6 3. Nc3 Bg7 4. e4 d6 5. Nf3 0-0 6. Be2 e5 7. Be3 Nc6 8. d5 Ne7 9. Nd2 Nd7 10. b4 f5 11. f3 Nf6 12. 0-0 f4 13. Bf2 g5 14. c5 h5 15. h3 Rf7 16. cxd6 cxd6 17. Nc4 Bf8 18. Nxd6 Qxd6 19. Bc5 Qd8 20. d6 Nc6 21. Bc4 b6 22. Qb3 Qd7 23. Bf2 Nd4 24. Bxd4 exd4 25. e5 dxc3 26. Rfe1 b5 27. Bxf7+ Qxf7 28. e6 Bxe6 29. Rxe6 Kh8 30. Rae1 Rc8 31. Qc2 Rc6 32. Re7 Bxe7 33. Rxe7 Qg8 34. d7 Rd6 35. Qxc3 Rd1+ 36. Kh2 Qf8 37. Re8 Rxd7 38. Qxf6+ 1-0

[Event "Milan Crespi op-B 32nd"]
[Site "Milan"]
[Date "2011.12.08"]
[Round "3"]
[White "Miracola, Giorgia"]
[Black "Marchini, Daniele"]
[Result "0-1"]
[WhiteElo "1763"]
[BlackElo "1813"]
[PlyCount "98"]
[EventDate "2011.12.07"]
[EventType "swiss"]
[EventRounds "7"]
[EventCountry "ITA"]
[SourceTitle "EXT 2022"]
[Source "ChessBase"]
[SourceDate "2021.10.06"]
[SourceVersion "1"]
[SourceVersionDate "2021.10.06"]
[SourceQuality "1"]

1. e4 c5 2. Nf3 d6 3. d4 cxd4 4. Nxd4 Nf6 5. Nc3 a6 6. Be3 e5 7. Nb3 Be6 8. f4 exf4 9. Bxf4 Nc6 10. Qe2 Be7 11. h3 Ne5 12. 0-0-0 Qc7 13. Nd5 Nxd5 14. exd5 Bf5 15. Nd4 Bg6 16. g4 Rc8 17. Rh2 Qc4 18. Qxe5 dxe5 19. Bxc4 exf4 20. Bb3 0-0 21. h4 h6 22. Rf1 Bd6 23. Nf3 Rc5 24. Re2 Bd3 25. Ree1 Bxf1 26. Rxf1 b5 27. Nd4 g6 28. h5 a5 29. a3 a4 30. Ba2 Be5 31. Nc6 Bd6 32. c3 Re8 33. hxg6 fxg6 34. Nd4 g5 35. Nf5 Bf8 36. d6+ Kh8 37. Bf7 Rd8 38. Rd1 Rxf5 39. gxf5 Rxd6 40. Rf1 Kg7 41. Bh5 Rc6 42. Rf3 Kf6 43. Bg4 h5 44. Bxh5 Kxf5 45. Be8 Rc5 46. Bd7+ Ke4 47. Bg4 Rd5 48. Rh3 Rd6 49. Bf3+ Kf5 0-1

[Event "Mortara op 1st"]
[Site "Mortara"]
[Date "2011.09.??"]
[Round "2"]
[White "Marchini, Daniele"]
[Black "Guzzetti, Luigi Enrico"]
[Result "0-1"]
[WhiteElo "1768"]
[BlackElo "1955"]
[PlyCount "76"]
[EventDate "2011.09.16"]
[EventType "swiss"]
[EventRounds "5"]
[EventCountry "ITA"]
[SourceTitle "EXT 2023"]
[Source "ChessBase"]
[SourceDate "2022.10.05"]
[SourceVersion "1"]
[SourceVersionDate "2022.10.05"]
[SourceQuality "1"]

1. d4 Nf6 2. c4 g6 3. Nc3 Bg7 4. e4 d6 5. Nf3 0-0 6. Be2 c5 7. d5 e6 8. a3 exd5 9. exd5 Re8 10. 0-0 Bg4 11. h3 Bxf3 12. Bxf3 Nbd7 13. Bf4 Ne5 14. Bxe5 Rxe5 15. Qc2 Qe7 16. Rab1 Nd7 17. b4 cxb4 18. axb4 Rc8 19. Nb5 a6 20. Na3 b5 21. Rfc1 Bh6 22. Rd1 bxc4 23. Nxc4 Nb6 24. Rd4 Re1+ 25. Rxe1 Qxe1+ 26. Kh2 Qe5+ 27. Nxe5 Rxc2 28. Ng4 Bg7 29. Re4 f5 30. Re8+ Kf7 31. Ne3 Rxf2 32. Rb8 Bd4 33. Rb7+ Kf6 34. Nd1 Rd2 35. Rxh7 Nc4 36. Kg3 Ne5 37. Kf4 g5+ 38. Kg3 f4+ 0-1

[Event "Ceriano Laghetto op-B 20th"]
[Site "Ceriano Laghetto"]
[Date "2011.04.03"]
[Round "4"]
[White "Milu, Tatiana"]
[Black "Marchini, Daniele"]
[Result "1/2-1/2"]
[WhiteElo "1665"]
[BlackElo "1809"]
[PlyCount "74"]
[EventDate "2011.04.01"]
[EventType "swiss"]
[EventRounds "5"]
[EventCountry "ITA"]
[SourceTitle "EXT 2023"]
[Source "ChessBase"]
[SourceDate "2022.10.05"]
[SourceVersion "1"]
[SourceVersionDate "2022.10.05"]
[SourceQuality "1"]

1. d4 Nf6 2. Nf3 g6 3. c3 Bg7 4. Nbd2 d5 5. e3 Bf5 6. h3 h5 7. Nh4 Qd7 8. Nxf5 Qxf5 9. Qe2 Nbd7 10. Qd3 Ne4 11. Nxe4 dxe4 12. Qb5 Qxb5 13. Bxb5 c6 14. Bc4 Nb6 15. Bb3 g5 16. Bd2 f5 17. 0-0-0 h4 18. Rdf1 Kd7 19. f3 exf3 20. Rxf3 e6 21. g4 Raf8 22. gxf5 exf5 23. Bc2 Ke6 24. Rhf1 g4 25. hxg4 fxg4 26. Bf5+ Rxf5 27. Rxf5 g3 28. Rg5 Bf6 29. Rg4 Nc8 30. c4 Bd8 31. Rg6+ Kd7 32. Rg7+ Ne7 33. Rg1 Ke8 34. Kd1 Bc7 35. Ke2 h3 36. d5 g2 37. Bb4 Bb6 1/2-1/2

[Event "Milan Sport&Cultura op"]
[Site "Milan"]
[Date "2010.02.13"]
[Round "3"]
[White "Astengo, Marcello"]
[Black "Marchini, Daniele"]
[Result "1-0"]
[WhiteElo "2104"]
[BlackElo "1802"]
[PlyCount "47"]
[EventDate "2010.02.12"]
[EventType "swiss"]
[EventRounds "5"]
[EventCountry "ITA"]
[SourceTitle "EXT 2011"]
[Source "ChessBase"]
[SourceDate "2010.11.26"]
[SourceVersion "1"]
[SourceVersionDate "2010.11.26"]
[SourceQuality "1"]

1. d4 Nf6 2. c4 g6 3. Nc3 d5 4. Nf3 Bg7 5. Bf4 0-0 6. e3 c6 7. h3 Qb6 8. Qd2 Bf5 9. Be2 Nbd7 10. 0-0 Ne4 11. Qc1 Ndf6 12. Ne5 Rad8 13. f3 Nxc3 14. Qxc3 Nh5 15. Bh2 Be6 16. g4 dxc4 17. gxh5 Bxh3 18. Rf2 Be6 19. Bxc4 Bxe5 20. Bxe5 Bxc4 21. Qxc4 Qa5 22. hxg6 hxg6 23. Rh2 Qxe5 24. dxe5 1-0

[Event "Milan Epiphany op"]
[Site "Milan"]
[Date "2010.01.05"]
[Round "5"]
[White "Bemporad, Filippo"]
[Black "Marchini, Daniele"]
[Result "0-1"]
[WhiteElo "2081"]
[BlackElo "1802"]
[PlyCount "78"]
[EventDate "2010.01.02"]
[EventType "swiss"]
[EventRounds "7"]
[EventCountry "ITA"]
[SourceTitle "EXT 2024"]
[Source "ChessBase"]
[SourceDate "2023.10.10"]
[SourceVersion "1"]
[SourceVersionDate "2023.10.10"]
[SourceQuality "1"]

1. Nf3 Nf6 2. d4 g6 3. c4 Bg7 4. Nc3 d5 5. cxd5 Nxd5 6. Qb3 Nxc3 7. bxc3 0-0 8. e3 Nd7 9. Be2 c5 10. 0-0 Qc7 11. Ba3 b6 12. Rac1 Bb7 13. Rfd1 e6 14. Ng5 Rac8 15. Bb5 Bc6 16. Ba6 Bb7 17. Bc4 Rfe8 18. d5 exd5 19. Bxd5 Bxd5 20. Rxd5 Nf6 21. Rdd1 Ne4 22. Nxe4 Rxe4 23. c4 Rd8 24. Rxd8+ Qxd8 25. Bb2 Bxb2 26. Qxb2 Rxc4 27. Re1 Rb4 28. Qc2 Qc7 29. h3 b5 30. e4 Qe5 31. Qd3 c4 32. Qa3 Ra4 33. Qe3 Rxa2 34. f4 Qb2 35. Qf3 c3 36. f5 Ra1 37. Rxa1 Qxa1+ 38. Kh2 c2 39. fxg6 hxg6 0-1

[Event "Milan Epiphany op"]
[Site "Milan"]
[Date "2010.01.03"]
[Round "3"]
[White "Tagliaferri, Valerio"]
[Black "Marchini, Daniele"]
[Result "1-0"]
[WhiteElo "1861"]
[BlackElo "1802"]
[PlyCount "107"]
[EventDate "2010.01.02"]
[EventType "swiss"]
[EventRounds "7"]
[EventCountry "ITA"]
[SourceTitle "EXT 2024"]
[Source "ChessBase"]
[SourceDate "2023.10.10"]
[SourceVersion "1"]
[SourceVersionDate "2023.10.10"]
[SourceQuality "1"]

1. d4 Nf6 2. c4 g6 3. Nc3 d5 4. cxd5 Nxd5 5. e4 Nxc3 6. bxc3 Bg7 7. Bc4 c5 8. Ne2 Nc6 9. Be3 0-0 10. 0-0 Bg4 11. f3 Na5 12. Bxf7+ Rxf7 13. fxg4 Rxf1+ 14. Kxf1 Nc4 15. Bf2 Qf8 16. Kg1 Qf7 17. d5 b6 18. Qd3 Ne5 19. Qg3 e6 20. Nf4 exd5 21. exd5 Rd8 22. Rd1 Bh6 23. g5 Bg7 24. h3 Nc6 25. Ne6 Rd7 26. Nxg7 Kxg7 27. Qf3 Qxf3 28. gxf3 Ne7 29. c4 Nf5 30. a4 Rf7 31. Rd3 Nd6 32. Rc3 Rf4 33. Bg3 Rxc4 34. Bxd6 Rxc3 35. Be5+ Kf7 36. Bxc3 Ke7 37. Be5 a6 38. Kf2 b5 39. Ke3 Kd7 40. Kd3 Kc8 41. f4 Kb7 42. axb5 axb5 43. h4 Kb6 44. Kc3 Kb7 45. f5 gxf5 46. h5 b4+ 47. Kc4 f4 48. Bxf4 Ka6 49. Kxc5 b3 50. Be5 Ka5 51. d6 Ka4 52. Bb2 h6 53. d7 hxg5 54. d8Q 1-0